| 000 | 00447nam a2200145Ia 4500 | ||
|---|---|---|---|
| 005 | 20250508160020.0 | ||
| 008 | 008 250505s9999 xx 000 0 eng d | ||
| 037 | _aBooks to be hide in OPAC | ||
| 040 |
_aFEDL _beng _cFEDL |
||
| 041 |
_aeng _2eng |
||
| 084 |
_a351.109 42, WHI/O _qFEDL |
||
| 245 | 0 | _aEstimates for civil services for the year ending 31 March 1915 | |
| 942 |
_cHB _h351.109 42, WHI/O |
||
| 999 |
_c1361039 _d1361039 |
||